Aristotelis Ars rhetorica / (Record no. 19191)
[ view plain ]
| 000 -LEADER | |
|---|---|
| fixed length control field | 00779cam a2200241Ia 4500 |
| 001 - CONTROL NUMBER | |
| control field | 19191 |
| 003 - CONTROL NUMBER IDENTIFIER | |
| rucl marc code | BD-RjUL |
| 005 - DATE AND TIME OF LATEST TRANSACTION | |
| control field | 20211209000410.0 |
| 008 - FIXED-LENGTH DATA ELEMENTS--GENERAL INFORMATION | |
| fixed length control field | 140223t19641959enk 00110 grc d |
| 035 ## - SYSTEM CONTROL NUMBER | |
| System control number | (BD-RjUL)19249 |
| 040 ## - CATALOGING SOURCE | |
| Original cataloging agency | IWC |
| Transcribing agency | IWC |
| Modifying agency | BD-RjUL |
| Language of cataloging | eng |
| 041 0# - LANGUAGE CODE | |
| Language code of text/sound track or separate title | grclat |
| 082 00 - DEWEY DECIMAL CLASSIFICATION NUMBER | |
| Classification number | 808.009 |
| Author mark and year | ROA 1964 |
| 100 1# - MAIN ENTRY--PERSONAL NAME | |
| Personal name | Ross, W. D. |
| 9 (RLIN) | 30110 |
| 245 10 - TITLE STATEMENT | |
| Title | Aristotelis Ars rhetorica / |
| Statement of responsibility, etc. | Recognovit brevique adnotatione critica instruxit W. D. Ross. |
| 260 ## - PUBLICATION, DISTRIBUTION, ETC. (IMPRINT) | |
| Place of publication, distribution, etc. | Oxonii : |
| Name of publisher, distributor, etc. | E. Typographeo Clarendoniano, |
| Date of publication, distribution, etc. | c1959 [Published 1964]. |
| 300 ## - PHYSICAL DESCRIPTION | |
| Pagination | xiii, 206p. ; |
| Size | 19cm. |
| 500 ## - GENERAL NOTE | |
| General note | Text in Greek, preface in Latin. |
| 504 ## - BIBLIOGRAPHY, ETC. NOTE | |
| Bibliography, etc | Includes index. |
| 650 #0 - SUBJECT ADDED ENTRY--TOPICAL TERM | |
| Topical term or geographic name as entry element | Rhetoric, Ancient. |
| 9 (RLIN) | 59042 |
| 942 ## - ADDED ENTRY ELEMENTS (KOHA) | |
| Source of classification or shelving scheme | Dewey Decimal Classification |
| Koha item type | Books |
| Lost status | Source of classification or shelving scheme | Damaged status | Not for loan | Collection code | Permanent Location | Current Location | Shelving location | Date acquired | Source of acquisition | Cost, normal purchase price | Total Checkouts | Full call number | Date last seen | Copy number | Koha item type |
|---|---|---|---|---|---|---|---|---|---|---|---|---|---|---|---|
| Dewey Decimal Classification | Not For Loan | Non-fiction | Central Library, University of Rajshahi | Central Library, University of Rajshahi | Reading Room | 23/12/1970 | Sweet & Zeitlinger | 25.00 | 808.009 ROA 1964 | 23/02/2014 | C-1 | Books |